01813nam a2200349 i 4500001001000000003000900010005001700019007000300036008004100039040003000080082001900110100004900129245010700178264006200285300002700347336002700374337003300401338002800434500018000462500011300642501006300755504002700818590002800845650006100873710004400934910004000978942001401018952013401032952013901166952014101305999001701446000000135DO-SdBNP20250321073607.0ta090130s2018 dr a 001 0 spa d aDO-SdBNPbspacBNPHUerda 4a460bP426c2221 aPeralta Romero, Rafael,d1948-eautor97977410aConcurrencia de libertades y restricciones en el uso de la lengua española /cRafael Peralta Romero. aSanto Domingo :bAcademia Dominicana de la Lengua,c2018. a32 páginas ;c28 cm. 2rdacontentatextobtxt 2rdamediaasin mediaciónbn 2rdacarrieravolumenbnc aTexto del discurso de ingreso presentado por Rafael Peralta Romero para su incorporación como miembro de número a la Academia Dominicana de la Lengua el 13 de febrero 2018 aA la cabeza de la portada: Academia Dominicana de la Lengua. Correspondiente de la Real Academia Española. aIncluye datos biográficos del autor en la página 29-32 aBibliografía : p. 28 aInventariado, 2022 / DG 49441aEspañolxEnseñanzavEnsayos, conferencias, etc.2 aAcademia Dominicana de la Lengua921770 aDG/Validado. Control de calidad MFF 2ddccLBS1 00102ddc51708PDaBNPHUbBNPHUcHDd2022-09-09eDeposito Legal oBNPHU F-PD 460 P426cp2022-3887r2022-09-09w2022-09-09yLBS1 00102ddc51708PDaBNPHUbBNPHUcHDd2022-09-09eDeposito Legal oBNPHU F-PD 460 P426cp2022-3888r2022-09-09te.2w2022-09-09yLBS1 00102ddc56708DSaBNPHUbBNPHUcHDd2022-09-09eDepósito Legal oBNPHU F-DS 460 P426cp2022-3889r2022-09-09te.3w2022-09-09yLBS1 c52364d52364